[Event "FRA-ch op-A"]
[Site "L'Alpe d'Huez"]
[Date "2023.08.24"]
[Round "6"]
[White "Mathez, Florian"]
[Black "Lissillour, Baptiste"]
[Result "1/2-1/2"]
[WhiteElo "2101"]
[BlackElo "2198"]
[PlyCount "110"]
[EventDate "2023.08.19"]
[EventType "swiss"]
[EventRounds "9"]
[EventCountry "FRA"]
[SourceTitle "EXT 2024"]
[Source "ChessBase"]
[SourceDate "2023.10.10"]
[SourceVersion "1"]
[SourceVersionDate "2023.10.10"]
[SourceQuality "1"]

1. e4 c5 2. Nf3 d6 3. Bb5+ Nd7 4. d4 cxd4 5. Qxd4 a6 6. Bxd7+ Bxd7 7. Nc3 e5 8. Qd3 Rc8 9. Nd2 Be6 10. 0-0 Nf6 11. Rd1 d5 12. exd5 Nxd5 13. Nxd5 Qxd5 14. Qxd5 Bxd5 15. c3 Be7 16. Nf3 Bxf3 17. gxf3 Rc6 18. Be3 Bd6 19. Rd5 Ke7 20. Rad1 Ke6 21. c4 Rhc8 22. b3 g5 23. Kf1 f6 24. Ke2 Be7 25. R5d2 h5 26. h3 R8c7 27. Rd5 Rc8 28. a4 Kf5 29. a5 Ke6 30. Bb6 Bd6 31. Be3 h4 32. Bb6 Bc5 33. Bxc5 Rxc5 34. Rd7 R8c7 35. R1d6+ Kf5 36. Rxc7 Rxc7 37. Rb6 Rc5 38. Rxb7 Rxa5 39. Rb6 Ra2+ 40. Ke3 Rc2 41. Rxa6 Rc3+ 42. Ke2 Rxb3 43. c5 Rc3 44. Rc6 Rc2+ 45. Kf1 Rc4 46. Kg2 Rc3 47. Rc8 Kf4 48. c6 Rxf3 49. Rf8 Rc3 50. Rxf6+ Ke4 51. Kh2 Rc2 52. Kg2 Rc3 53. Kh2 Rc4 54. Kg1 Rc1+ 55. Kh2 Rc3 1/2-1/2

[Event "Vandoeuvre op 16th"]
[Site "Vandoeuvre"]
[Date "2019.12.26"]
[Round "2"]
[White "Mathez, Florian"]
[Black "Hoffner, Antoine"]
[Result "1/2-1/2"]
[WhiteElo "1871"]
[BlackElo "1734"]
[PlyCount "107"]
[EventDate "2019.12.26"]
[EventType "swiss"]
[EventRounds "9"]
[EventCountry "FRA"]
[SourceTitle "CBM 194 Extra"]
[Source "ChessBase"]
[SourceDate "2020.03.31"]
[SourceVersion "1"]
[SourceVersionDate "2020.03.31"]
[SourceQuality "1"]

1. e4 e6 2. d4 d5 3. Nd2 Nc6 4. Ngf3 Nf6 5. e5 Nd7 6. c3 f6 7. exf6 Qxf6 8. Bb5 Bd6 9. 0-0 0-0 10. Qe2 e5 11. Bxc6 bxc6 12. dxe5 Nxe5 13. Nxe5 Bxe5 14. f4 Bxf4 15. Nf3 Bg4 16. Bxf4 Qxf4 17. Rae1 h6 18. h3 Bxf3 19. Rxf3 Qd6 20. Qe6+ Qxe6 21. Rxe6 Rab8 22. Rxf8+ Kxf8 23. Rxc6 Rxb2 24. Rxc7 Rxa2 25. Rd7 Ra5 26. Kf2 a6 27. Ke3 Ra2 28. g3 Rg2 29. Kf4 Rf2+ 30. Ke3 Rc2 31. Rc7 a5 32. Rc5 a4 33. Rxd5 Rxc3+ 34. Kf4 Ra3 35. Rd7 Ra1 36. Ra7 a3 37. Kf5 a2 38. Kg6 Rg1 39. Rxa2 Rxg3+ 40. Kh7 Kf7 41. h4 Rg4 42. Ra7+ Kf6 43. Ra6+ Kf5 44. Ra7 Rxh4 45. Kxg7 h5 46. Ra5+ Kg4 47. Kg6 Rh1 48. Rg5+ Kf4 49. Rf5+ Kg4 50. Rg5+ Kf4 51. Rf5+ Kg4 52. Rg5+ Kf4 53. Rf5+ Kg4 54. Rg5+ 1/2-1/2